000 00947nam a2200253 i 4500
001 bg
245 0 0 _aGospodarka Niemiec a kraje Europy Środkowej i Wschodniej /
_cIreneusz Bil [et al.].
260 _aWarszawa :
_bSzkoła Główna Handlowa. Oficyna Wydawnicza,
_c2006.
300 _a284 s. :
_bil. ;
_c24 cm.
504 _aBibliogr. przy rozdz.
521 _aDla pracowników naukowych, studentów ekonomii oraz polityków.
651 9 _aEuropa Środkowo-Wschodnia
_xa Niemcy
_xgospodarka
_yod 1989 r.
651 9 _aNiemcy
_xa Europa Środkowo-Wschodnia
_xgospodarka
_yod 1990 r.
700 1 _aBIL, Ireneusz
015 _aPB 8800/2006
020 _a8373782079
040 _cBPK
041 _apol
080 _a338.22(430+4-191.2-11)"1989/..."
920 _a83-7378-207-9
942 _cKS
008 s pl f |000 0 pol
999 _c51691
_d51691
856 _uhttp://koha.tu.koszalin.pl/cgi-bin/koha/opac-detail.pl?biblionumber=51691
_yKatalog online BPK